| 000 | 00612nam a2200205Ia 4500 | ||
|---|---|---|---|
| 005 | 20250923144730.0 | ||
| 008 | 008 250917s9999 xx 000 0 eng d | ||
| 037 | _aTextual | ||
| 040 |
_aDSWL _beng _cDSWL |
||
| 041 |
_aeng _2eng |
||
| 084 |
_aZ:(Q2),45, H41 _qDSWL |
||
| 100 |
_aKher, B.G. _9827842 |
||
| 245 | 0 |
_aPresent position of Hindu women and the means of Ameliorating their load _cby B.G. Kher |
|
| 260 |
_aBombay _b Treasure House Of Books _c1941 |
||
| 300 | _a30p. | ||
| 365 |
_aINR _b5 |
||
| 925 | _g5 | ||
| 942 |
_cTEXL _hZ:(Q2),45, H41 |
||
| 999 |
_c1442634 _d1442634 |
||